[Event "Titled Tue 10th Jun Early"]
[Site "chess.com INT"]
[Date "2025.06.10"]
[Round "2"]
[White "Lissang, Christopher"]
[Black "Emeliantsev, Anatoliy"]
[Result "1-0"]
[WhiteTitle "FM"]
[BlackTitle "FM"]
[WhiteElo "2317"]
[BlackElo "2359"]
[WhiteFideId "1709615"]
[BlackFideId "4160681"]
[EventDate "2025.06.10"]

1. d4 Nf6 2. c4 g6 3. Nc3 Bg7 4. Nf3 d6 5. Bg5 h6 6. Bh4 O-O 7. e3 c5 8. d5 e6
9. Nd2 exd5 10. cxd5 a6 11. a4 Nbd7 12. Be2 Re8 13. O-O Rb8 14. Qc2 b6 15. h3
Nf8 16. Nc4 b5 17. axb5 axb5 18. Na5 Bd7 19. Bf3 b4 20. Ne2 Ra8 21. Nc6 Qc7 22.
Ned4 g5 23. Bg3 g4 24. hxg4 Bxg4 25. Nb5 Qb6 26. Nxd6 Bxf3 27. Nxe8 Rxe8 28.
gxf3 Nxd5 29. Na5 Ne6 30. Nc4 Qc6 31. Ra7 Ng5 32. Qf5 Ne7 33. Rxe7 Nxf3+ 34.
Qxf3 Qxf3 35. Rxe8+ Kh7 36. Rd8 Bf6 37. Rd7 Kg6 38. Rfd1 Qg4 39. R1d6 Qxc4 40.
Be5 Qg4+ 41. Kf1 1-0

[Event "Titled Tue 10th Jun Early"]
[Site "chess.com INT"]
[Date "2025.06.10"]
[Round "2"]
[White "Rueda Rojas, Richard Alejandro"]
[Black "Wyss, Jonas"]
[Result "0-1"]
[WhiteTitle "FM"]
[BlackTitle "FM"]
[WhiteElo "2090"]
[BlackElo "2278"]
[WhiteFideId "4491505"]
[BlackFideId "1311387"]
[EventDate "2025.06.10"]

1. d4 d5 2. c4 e6 3. Nf3 Nf6 4. g3 dxc4 5. Bg2 c5 6. O-O Nc6 7. Ne5 Bd7 8. Nxc6
Bxc6 9. Bxc6+ bxc6 10. Qa4 Rc8 11. dxc5 Bxc5 12. Rd1 Qb6 13. e3 Qb5 14. Nc3 Qxa4
15. Nxa4 Bb6 16. Bd2 Ne4 17. Bb4 Rd8 18. Rxd8+ Kxd8 19. Rc1 Kc7 20. Ba3 Rd8 21.
Rxc4 Nd2 22. Rc2 e5 23. Kg2 e4 24. Bc5 Nf3 25. Bxb6+ axb6 26. Rc1 Rd2 27. Nc3 f5
28. Nb5+ Kb7 29. Na3 Rxb2 30. Nc4 Rxa2 31. Nd6+ Kc7 32. Nxf5 g6 33. Ng7 Kd7 34.
h4 h5 35. Rc4 Nd2 36. Rb4 b5 37. Rd4+ Ke7 38. g4 Kf7 39. Rd7+ Kg8 40. gxh5 g5
41. h6 Kh7 42. Nf5+ Kg6 43. h5+ Kxf5 44. h7 Ra8 45. Rc7 Rh8 46. h6 b4 47. Rxc6
Rxh7 48. Rb6 b3 49. Kg3 Rxh6 50. Rg6 Rxg6 0-1

[Event "Titled Tue 10th Jun Early"]
[Site "chess.com INT"]
[Date "2025.06.10"]
[Round "2"]
[White "Fernandes, Rogerio Paulo Muller"]
[Black "Suarez Uriel, Adrian"]
[Result "1-0"]
[BlackTitle "IM"]
[WhiteElo "2241"]
[BlackElo "2394"]
[WhiteFideId "2101599"]
[BlackFideId "22230874"]
[EventDate "2025.06.10"]

1. c4 e6 2. g3 Nf6 3. Bg2 d5 4. Nf3 Ke7 5. O-O Ke8 6. b3 Be7 7. Bb2 c6 8. d4 Kf8
9. Nbd2 g6 10. Qc2 Kg7 11. e4 dxe4 12. Nxe4 Nbd7 13. Rad1 Re8 14. Ne5 Kg8 15.
Ng5 Nxe5 16. dxe5 Nd7 17. Ne4 Qc7 18. Nf6+ Nxf6 19. exf6 Bf8 20. h4 e5 21. Rfe1
Bf5 22. Qc3 Bg4 23. Rd3 a5 24. Rxe5 Bb4 25. Qd4 Rxe5 26. Qxe5 Qxe5 27. Bxe5 Re8
28. f4 Bf5 29. Rd1 h5 30. Kh2 Bc2 31. Rd7 Bb1 32. a3 Bxa3 33. Rxb7 Rd8 34. Bc3
Bb4 35. Bxb4 axb4 36. Rxb4 Rd2 37. Kg1 Rd1+ 38. Kf2 Rd2+ 39. Kg1 Rd1+ 40. Kh2
Rd2 41. Kh1 c5 42. Rb8+ Kh7 43. Bd5 g5 44. fxg5 Kg6 45. Rf8 Kf5 46. Rxf7 Kg4 47.
Re7 Kh3 48. Kg1 Bd3 49. Re1 Kxg3 50. f7 Rf2 51. Re3+ 1-0

[Event "Titled Tue 10th Jun Early"]
[Site "chess.com INT"]
[Date "2025.06.10"]
[Round "2"]
[White "Brezis, Ari"]
[Black "Klymchuk, Andriy"]
[Result "0-1"]
[WhiteTitle "CM"]
[BlackTitle "FM"]
[WhiteElo "2179"]
[BlackElo "2405"]
[WhiteFideId "2858541"]
[BlackFideId "14140063"]
[EventDate "2025.06.10"]

1. d4 Nf6 2. c4 c5 3. d5 b5 4. cxb5 a6 5. b6 e6 6. Nc3 Nxd5 7. Nxd5 exd5 8. Qxd5
Nc6 9. Nf3 Rb8 10. e4 Be7 11. Bc4 O-O 12. O-O Rxb6 13. b3 Na5 14. Bb2 Bb7 15.
Qd3 Nxc4 16. Qxc4 d5 17. exd5 Qxd5 18. Qxd5 Bxd5 19. Ne5 Bf6 20. Nd7 Bxb2 21.
Nxb6 Bxa1 22. Nxd5 Bd4 23. Re1 Rd8 24. Kf1 Kf8 25. Nb6 Rd6 26. Nc4 Rf6 27. f3 h5
28. Re4 Rc6 29. Ke2 f5 30. Rf4 Rf6 31. Rh4 g6 32. Kd3 Kg7 33. f4 Re6 34. Rh3 Re1
35. Rg3 Rd1+ 36. Kc2 Rf1 37. Ne5 Bxe5 38. fxe5 Re1 39. Kc3 Rxe5 40. Kc4 h4 41.
Rd3 Re2 42. g3 h3 43. Kxc5 Rxh2 44. a4 Rg2 45. Rd1 Rxg3 46. b4 g5 47. b5 axb5
48. axb5 Rb3 49. b6 g4 50. Rd4 h2 51. Rd1 g3 0-1

[Event "Titled Tue 10th Jun Early"]
[Site "chess.com INT"]
[Date "2025.06.10"]
[Round "2"]
[White "Nugumanov, Bakhtiyar"]
[Black "Wieczorek, Zbigniew"]
[Result "0-1"]
[WhiteTitle "IM"]
[BlackTitle "FM"]
[WhiteElo "2305"]
[BlackElo "2105"]
[WhiteFideId "13701797"]
[BlackFideId "1102001"]
[EventDate "2025.06.10"]

1. e4 g6 2. d4 Bg7 3. Nc3 c6 4. f4 d5 5. e5 Nh6 6. Bd3 f6 7. Nf3 Bg4 8. h3 Bxf3
9. Qxf3 O-O 10. exf6 Bxf6 11. Be3 Qb6 12. O-O-O Bxd4 13. Bxd4 Qxd4 14. Rhf1 Qg7
15. Qe3 Kh8 16. Ne2 Nd7 17. Nd4 Qf6 18. g4 Nf7 19. Ne6 Nd6 20. g5 Qf7 21. h4 Nb6
22. Qe5+ Kg8 23. h5 Nbc4 24. h6 Nxe5 25. fxe5 Nf5 26. Nxf8 Rxf8 27. Rde1 e6 28.
Kb1 Qe7 29. Rg1 b5 30. Rg4 a6 31. Reg1 c5 32. a3 c4 33. Be2 Qc5 34. Bd1 Qe3 35.
c3 Qxe5 36. Bc2 Qd6 37. R4g2 e5 38. Rd1 Qe6 39. Rgd2 Ne3 0-1

[Event "Titled Tue 10th Jun Early"]
[Site "chess.com INT"]
[Date "2025.06.10"]
[Round "2"]
[White "Wagh, Suyog"]
[Black "Mottola, Max"]
[Result "1-0"]
[WhiteTitle "FM"]
[WhiteElo "2319"]
[BlackElo "2247"]
[WhiteFideId "25071688"]
[BlackFideId "30985862"]
[EventDate "2025.06.10"]

1. d4 d5 2. c4 c6 3. Nf3 Nf6 4. e3 a6 5. Nc3 b5 6. b3 Bg4 7. h3 Bxf3 8. Qxf3 e5
9. dxe5 Bb4 10. Bd2 Bxc3 11. Bxc3 Ne4 12. Bb4 bxc4 13. e6 fxe6 14. Qh5+ g6 15.
Qe5 Qf6 16. Qxf6 Nxf6 17. bxc4 Nbd7 18. Bd3 Ne5 19. Be2 Nxc4 20. Bxc4 dxc4 21.
O-O Nd5 22. Bc5 Rb8 23. Rfc1 c3 24. g3 Rb5 25. Bd4 Rf8 26. e4 Nb4 27. Rxc3 Kf7
28. Bc5 Rd8 29. Bxb4 Rxb4 30. Rxc6 Ra4 31. Rc7+ Kf6 32. Rxh7 Rd2 33. Rh8 Raxa2
34. Rxa2 Rxa2 35. f4 a5 36. g4 e5 37. g5+ Kg7 38. Re8 exf4 39. Re7+ Kf8 40. Re6
Kf7 41. Rf6+ Kg7 42. Rxf4 a4 43. e5 a3 44. Ra4 1-0

[Event "Titled Tue 10th Jun Early"]
[Site "chess.com INT"]
[Date "2025.06.10"]
[Round "2"]
[White "Myagmarsuren, Evsuld"]
[Black "Skliarov, Viktor"]
[Result "1-0"]
[WhiteTitle "FM"]
[BlackTitle "IM"]
[WhiteElo "2292"]
[BlackElo "2334"]
[WhiteFideId "1551639"]
[BlackFideId "14106736"]
[EventDate "2025.06.10"]

1. d4 Nf6 2. Nf3 g6 3. g3 Bg7 4. Bg2 O-O 5. O-O c6 6. c4 d5 7. cxd5 cxd5 8. Nc3
Nc6 9. Ne5 Nd7 10. Nxd5 Ndxe5 11. dxe5 Bxe5 12. Bg5 Be6 13. Nxe7+ Nxe7 14. Qxd8
Rfxd8 15. Bxe7 Rd2 16. Bxb7 Rb8 17. Bf3 Bxb2 18. Rad1 Rxd1 19. Rxd1 Bxa2 20. Rd7
a6 21. Bd6 Re8 22. h4 h5 23. Ra7 Bc4 24. Bb4 Bxe2 25. Bd5 Re6 26. Bxe6 fxe6 27.
Rc7 Be5 28. Rc8+ Kf7 29. Bc3 Bd6 30. Rc6 Bf8 31. Rc7+ Ke8 32. Bf6 Bd6 33. Ra7
Bb5 34. Kg2 Bc6+ 35. f3 Bb5 36. Bd4 Kf8 37. Bf6 Ke8 38. g4 hxg4 39. fxg4 Bc6+
40. Kh3 Bb5 41. h5 gxh5 42. gxh5 Bf8 43. Bg7 Be7 44. h6 Kf7 45. Rxe7+ Kxe7 46.
h7 Bd3 47. h8=Q Bf5+ 48. Kg3 1-0

[Event "Titled Tue 10th Jun Early"]
[Site "chess.com INT"]
[Date "2025.06.10"]
[Round "2"]
[White "Chyzy, Jakub"]
[Black "Ugarte Soto, Cesar"]
[Result "0-1"]
[WhiteTitle "FM"]
[BlackTitle "CM"]
[WhiteElo "2330"]
[BlackElo "2088"]
[WhiteFideId "21806209"]
[BlackFideId "3601331"]
[EventDate "2025.06.10"]

1. b3 e5 2. Bb2 Nc6 3. e3 Nge7 4. Bb5 a6 5. Bxc6 Nxc6 6. Ne2 d6 7. O-O Be7 8. d4
O-O 9. c4 Bg4 10. Qd2 Bxe2 11. Qxe2 exd4 12. exd4 Bf6 13. d5 Re8 14. Qd2 Ne5 15.
Nc3 Qd7 16. h3 Qxh3 17. Ne4 Qh4 18. Nxf6+ gxf6 19. Rae1 Ng4 20. Qf4 Qg5 21. Qg3
Qg6 22. Qh4 Qg5 23. Qg3 h5 24. f3 Ne5 25. Qh3 Ng6 26. f4 Nxf4 27. Qf3 Rxe1 28.
Rxe1 Ng6 29. Bxf6 Qg4 30. Qxg4 hxg4 31. Re4 a5 32. Rxg4 a4 33. b4 a3 34. c5 Ra4
35. cxd6 cxd6 36. Kf2 Ra6 37. Ke3 Ra8 38. Kd3 Re8 39. Rg3 Rc8 40. Kd4 b5 41.
Rxa3 Rc4+ 42. Kd3 Rxb4 43. Ra8+ Kh7 44. Re8 Nf4+ 45. Ke3 Nxd5+ 0-1

[Event "Titled Tue 10th Jun Early"]
[Site "chess.com INT"]
[Date "2025.06.10"]
[Round "2"]
[White "Molina, Roberto Junio Brito"]
[Black "Purtseladze, Maka"]
[Result "1-0"]
[WhiteTitle "IM"]
[BlackTitle "IM"]
[WhiteElo "2381"]
[BlackElo "2261"]
[WhiteFideId "2109450"]
[BlackFideId "13602659"]
[EventDate "2025.06.10"]

1. d4 Nf6 2. Nf3 e6 3. e3 b6 4. Bd3 Bb7 5. Qe2 c5 6. c3 d5 7. Nbd2 Nbd7 8. O-O
Be7 9. e4 cxd4 10. Nxd4 dxe4 11. Nxe4 Nxe4 12. Bxe4 Bxe4 13. Qxe4 O-O 14. Rd1
Nf6 15. Qe2 Qc7 16. Bg5 h6 17. Bh4 a6 18. Bg3 Qb7 19. Rd3 Rfd8 20. Rad1 Rd5 21.
c4 Rdd8 22. Qf3 Qxf3 23. Nxf3 Rxd3 24. Rxd3 Rd8 25. Rxd8+ Bxd8 26. Ne5 Ne4 27.
Nd3 Nxg3 28. hxg3 Be7 29. Kf1 f6 30. g4 g6 31. Ke2 Bd6 32. Ke3 Kf7 33. b4 e5 34.
a3 Ke6 35. f3 f5 36. gxf5+ gxf5 37. g4 Kf6 38. gxf5 Kxf5 39. c5 bxc5 40. bxc5
Be7 41. c6 Ke6 42. Ke4 Bf6 43. Nc5+ Kd6 44. Nxa6 Kxc6 45. Nb4+ Kd6 46. a4 h5 47.
a5 Bd8 48. Nd3 1-0

[Event "Titled Tue 10th Jun Early"]
[Site "chess.com INT"]
[Date "2025.06.10"]
[Round "2"]
[White "Fikiet, Alex"]
[Black "Matyakubov, Miraziz"]
[Result "1-0"]
[BlackTitle "CM"]
[WhiteElo "2151"]
[BlackElo "2278"]
[WhiteFideId "2052717"]
[BlackFideId "14215772"]
[EventDate "2025.06.10"]

1. e4 e5 2. Bc4 Nf6 3. d3 Nc6 4. Nc3 Bc5 5. f4 d6 6. Nf3 Na5 7. Bb3 Nxb3 8. axb3
Ng4 9. Qe2 Bf2+ 10. Kf1 Bb6 11. h3 Nf6 12. f5 h6 13. g4 c6 14. Kg2 Qe7 15. Be3
Bxe3 16. Qxe3 g6 17. Rxa7 Rxa7 18. Qxa7 gxf5 19. gxf5 Nh5 20. Ne2 d5 21. Qf2
dxe4 22. dxe4 Qb4 23. Qe3 Qd6 24. Kh2 Bd7 25. Ra1 Ke7 26. Ra7 b5 27. Qc3 f6 28.
b4 Rg8 29. Nh4 Qd1 30. Qd3 Qxd3 31. cxd3 Kd6 32. Ng6 Be8 33. Ne7 Bf7 34. Nxg8
Bxg8 35. Ra8 Bf7 36. Rh8 Ke7 37. Rxh6 Kf8 38. Ng3 Nf4 39. Rxf6 Ke7 40. Rxc6 Nxd3
41. h4 Nxb4 42. Rc7+ Kf6 43. h5 Nd3 44. h6 Nf2 45. h7 Ng4+ 46. Kh3 Nf2+ 47. Kh4
Kg7 48. Rxf7+ Kh8 49. Kh5 b4 50. Kh6 1-0

[Event "Titled Tue 10th Jun Early"]
[Site "chess.com INT"]
[Date "2025.06.10"]
[Round "2"]
[White "Troltenier, Dirk"]
[Black "Shandrygin, Nikita"]
[Result "0-1"]
[WhiteTitle "FM"]
[BlackTitle "FM"]
[WhiteElo "2174"]
[BlackElo "2209"]
[WhiteFideId "4606400"]
[BlackFideId "24198668"]
[EventDate "2025.06.10"]

1. e4 c5 2. Nf3 e6 3. c3 Nf6 4. e5 Nd5 5. d4 cxd4 6. Bc4 Nb6 7. Bb3 d6 8. exd6
Bxd6 9. O-O Nc6 10. cxd4 O-O 11. Nc3 Bd7 12. Qe2 Rc8 13. Re1 a6 14. Bg5 Qc7 15.
Rad1 Rfe8 16. Ne5 Nxe5 17. dxe5 Bb4 18. Rc1 Bc6 19. Qg4 Bf8 20. Ne4 Kh8 21. Nf6
Red8 22. Bc2 g6 23. Nxh7 Kxh7 24. Qh5+ Kg8 25. Bxg6 fxg6 26. Qxg6+ Qg7 27. Qxe6+
Qf7 28. Qg4 Qg6 29. f4 Be7 30. h4 Bxg5 31. hxg5 Rf8 32. e6 Rce8 33. Re5 Nd5 34.
f5 Qg7 35. f6 Nxf6 36. Qh4 Nd5 37. g6 Rf4 38. Qg5 Qf6 39. Rxd5 Bxd5 40. Qxd5
Qxe6 41. Qh5 Qe7 42. Rc5 Qe1+ 43. Kh2 Rh4+ 0-1

[Event "Titled Tue 10th Jun Early"]
[Site "chess.com INT"]
[Date "2025.06.10"]
[Round "2"]
[White "Zozek Salah Mohammed"]
[Black "Cahaya, Satria Duta"]
[Result "0-1"]
[WhiteTitle "FM"]
[BlackTitle "FM"]
[WhiteElo "2205"]
[BlackElo "2386"]
[WhiteFideId "4803361"]
[BlackFideId "7124252"]
[EventDate "2025.06.10"]

1. d4 d5 2. Nf3 Nc6 3. Bf4 Bg4 4. e3 e6 5. c3 Bd6 6. Qb3 Nge7 7. Be2 O-O 8. O-O
a6 9. Nbd2 b5 10. Rfe1 Na5 11. Qc2 Nc4 12. b3 Nxd2 13. Qxd2 Bxf3 14. Bxf3 Bxf4
15. exf4 Qd6 16. g3 c5 17. dxc5 Qxc5 18. Rac1 Rac8 19. Kg2 Qa3 20. Bg4 g6 21. h4
h5 22. Bh3 Qc5 23. f5 exf5 24. Re5 Rfd8 25. Qg5 Nc6 26. Rxf5 Qe7 27. Rf6 Rc7 28.
Bf5 Kg7 29. Rxg6+ fxg6 30. Qxg6+ Kf8 31. Qxh5 Qg7 32. Re1 Ne7 33. Be6 Rxc3 34.
Re5 Rd6 35. Rg5 Qf6 36. Bg4 Rc2 37. Bf3 d4 38. Re5 d3 39. Re4 Rd4 40. Rf4 Rxf4
41. gxf4 Qg6+ 42. Qxg6 Nxg6 43. f5 Nxh4+ 44. Kg3 Nxf3 45. Kxf3 Rxa2 46. Ke3 d2
47. Ke2 Kf7 48. Kd1 Kf6 0-1

[Event "Titled Tue 10th Jun Early"]
[Site "chess.com INT"]
[Date "2025.06.10"]
[Round "2"]
[White "Sanal, Vahap"]
[Black "Carlsson, Ludvig"]
[Result "0-1"]
[WhiteTitle "GM"]
[BlackTitle "IM"]
[WhiteElo "2564"]
[BlackElo "2379"]
[WhiteFideId "6300545"]
[BlackFideId "1727010"]
[EventDate "2025.06.10"]

1. e4 c5 2. Nf3 d6 3. Bb5+ Bd7 4. Bxd7+ Nxd7 5. O-O Ngf6 6. Qe2 e6 7. c4 Rc8 8.
Nc3 Be7 9. d4 cxd4 10. Nxd4 Qb6 11. Ndb5 a6 12. Be3 Qa5 13. Nd4 Qb4 14. Rac1 O-O
15. a3 Qa5 16. Nb3 Qc7 17. Nd2 Rfe8 18. f3 Bf8 19. b3 Qa5 20. a4 d5 21. Qf2 dxe4
22. Ncxe4 Be7 23. Qe2 Nc5 24. Nxc5 Bxc5 25. Rfd1 Red8 26. Nf1 Qb6 27. Rd3 Rxd3
28. Qxd3 Rd8 29. Qc3 h6 30. a5 Qb4 31. Kf2 Qxc3 32. Rxc3 Bb4 33. Bb6 Bxc3 34.
Bxd8 Nd7 35. Ne3 Nc5 36. Nd1 Bd4+ 37. Ke2 Nxb3 38. Kd3 Bf6 39. Kc2 Bxd8 40. Kxb3
Bxa5 41. Nb2 Kf8 42. Na4 Bc7 43. Nc5 b5 44. g3 Bd6 45. Nxa6 bxc4+ 46. Kxc4 Ke7
47. Kb5 e5 48. Kc6 Ke6 49. Kb5 Kd5 50. Kb6 f5 0-1

[Event "Titled Tue 10th Jun Early"]
[Site "chess.com INT"]
[Date "2025.06.10"]
[Round "2"]
[White "Garcia Almaguer, Juan Manuel"]
[Black "Perry, Patrick"]
[Result "1/2-1/2"]
[WhiteTitle "CM"]
[WhiteElo "2142"]
[BlackElo "2296"]
[WhiteFideId "5110491"]
[BlackFideId "30917727"]
[EventDate "2025.06.10"]

1. e4 Nf6 2. Nc3 e5 3. Bc4 Bb4 4. Nf3 O-O 5. O-O d6 6. d3 h6 7. Ne2 Be6 8. c3
Bxc4 9. cxb4 Be6 10. Ng3 Nc6 11. a3 Re8 12. h3 a6 13. Qc2 d5 14. Re1 Qd7 15. Nh4
Rad8 16. Nhf5 dxe4 17. dxe4 Qd3 18. Qxd3 Rxd3 19. Be3 Red8 20. Rac1 Kh7 21. Rc5
Nxe4 22. Nxe4 Bxf5 23. Ng3 Bg6 24. b5 axb5 25. Rxb5 b6 26. Kh2 Rd1 27. Rxd1 Rxd1
28. Rb3 Rd3 29. Rb5 f5 30. Nf1 f4 31. Bd2 Bf7 32. Bc3 Bc4 33. Rxe5 Nxe5 34. Bxe5
f3 35. Ne3 Bd5 36. gxf3 Bxf3 37. Bxc7 b5 38. Ba5 g5 39. Kg3 Bc6 40. Bc3 Kg6 41.
h4 h5 42. hxg5 Kxg5 43. f4+ Kg6 44. Kf2 h4 45. Ke2 Rd8 46. Bb4 Rh8 47. f5+ Kg5
48. Be7+ Kf4 49. Bd6+ Ke4 50. f6 Rh7 51. Ng4 h3 52. Ne5 Kd5 53. f7 Rxf7 54. Nxf7
Ke6 55. Bh2 Kxf7 56. Kd3 Ke6 57. Kd4 Kf5 58. Kc5 Be8 59. Kb4 Kg4 60. b3 Kf3 61.
a4 bxa4 62. bxa4 Kg2 63. Bc7 Bc6 64. a5 h2 65. Bxh2 Kxh2 66. Kc5 Bg2 67. Kb6 Bh1
68. Kc7 Bg2 69. Kb8 Bh1 70. a6 Bg2 71. a7 Bh1 72. Kc7 Ba8 73. Kc8 Bh1 74. Kb8
Bg2 75. Kc7 Bh1 76. Kd8 Bg2 77. Kc8 Bh1 78. Kb8 Bg2 79. a8=Q Bxa8 1/2-1/2

[Event "Titled Tue 10th Jun Early"]
[Site "chess.com INT"]
[Date "2025.06.10"]
[Round "2"]
[White "Caku, Kler"]
[Black "Chan, Kim Yew"]
[Result "0-1"]
[WhiteTitle "WFM"]
[BlackTitle "FM"]
[WhiteElo "2010"]
[BlackElo "2304"]
[WhiteFideId "4704703"]
[BlackFideId "5717981"]
[EventDate "2025.06.10"]

1. e4 e6 2. d4 d5 3. Nd2 c5 4. exd5 Qxd5 5. Ngf3 cxd4 6. Bc4 Qd8 7. Nb3 Nc6 8.
Nbxd4 Nxd4 9. Nxd4 Nf6 10. O-O Bc5 11. c3 O-O 12. Be3 Qe7 13. Qf3 e5 14. Nc2 Bg4
15. Qg3 Rad8 16. Bg5 Bf5 17. Ne3 Bxe3 18. fxe3 Bg6 19. h4 Rd6 20. h5 Bxh5 21.
Rf5 Bg6 22. Rxe5 Qc7 23. Bb3 Ne4 24. Rxe4 Rd1+ 25. Rxd1 Qxg3 26. Bf4 Qg4 27.
Red4 Qe2 28. R4d2 Qb5 29. Rd5 Qe2 30. R5d2 Qg4 31. Rd8 Be4 32. R1d2 h5 33. R8d4
Re8 34. Rf2 h4 35. Bd1 Qg6 36. Kh2 f6 37. Bb3+ Kh8 38. Bd1 Qh7 39. Bg4 g5 40.
Bd6 Qg6 41. Bc7 f5 42. Be2 g4 43. Bc4 g3+ 44. Kg1 gxf2+ 45. Kxf2 Qxg2+ 46. Ke1
Qg1+ 47. Bf1 h3 48. Bf4 h2 0-1

[Event "Titled Tue 10th Jun Early"]
[Site "chess.com INT"]
[Date "2025.06.10"]
[Round "2"]
[White "Ozkan, Taha"]
[Black "Zhigalko, Sergei"]
[Result "0-1"]
[WhiteTitle "FM"]
[BlackTitle "GM"]
[WhiteElo "2247"]
[BlackElo "2572"]
[WhiteFideId "34577173"]
[BlackFideId "13502956"]
[EventDate "2025.06.10"]

1. d4 Nf6 2. c4 e6 3. Bg5 h6 4. Bxf6 Qxf6 5. e3 Bb4+ 6. Nd2 O-O 7. a3 Bxd2+ 8.
Qxd2 d6 9. Bd3 e5 10. Ne2 exd4 11. Nxd4 a5 12. O-O a4 13. Rac1 Na6 14. Bc2 Nc5
15. Nb5 Qe7 16. Rfd1 Be6 17. Qb4 Rfc8 18. Nd4 Bd7 19. Bf5 Bxf5 20. Nxf5 Qf6 21.
Nd4 Ne4 22. Nf3 Re8 23. Rd5 c6 24. Rd3 Re7 25. Rcd1 g5 26. h3 h5 27. Rf1 g4 28.
hxg4 hxg4 29. Nd2 Nc5 30. Rd4 Qg6 31. f3 gxf3 32. Rxf3 Rae8 33. Qc3 Qg7 34. Kf2
Kf8 35. Qc2 Re6 36. Rdf4 R8e7 37. Rh3 Rg6 38. g3 Ke8 39. Rh5 Ne6 40. Rfh4 Kd7
41. Rh7 Qf6+ 42. Ke2 Rxg3 43. Qe4 Ng5 44. Qf4 Rgxe3+ 45. Kd1 Nxh7 46. Qg4+ Qe6
47. Qg2 Re1+ 48. Kc2 Re2 49. Qg3 Qg6+ 50. Qxg6 fxg6 51. Kd3 Ng5 52. Nf1 R2e5 0-1

[Event "Titled Tue 10th Jun Early"]
[Site "chess.com INT"]
[Date "2025.06.10"]
[Round "2"]
[White "Reshetnikov, Alexey"]
[Black "Craciun, Sasha-Matei"]
[Result "0-1"]
[WhiteTitle "IM"]
[BlackTitle "FM"]
[WhiteElo "2492"]
[BlackElo "2320"]
[WhiteFideId "4162080"]
[BlackFideId "1281186"]
[EventDate "2025.06.10"]

1. d4 Nf6 2. c4 e6 3. Nf3 b6 4. a3 Bb7 5. Nc3 Be7 6. Qc2 d5 7. cxd5 exd5 8. Bg5
O-O 9. e3 Nbd7 10. Bd3 h6 11. Bh4 c5 12. O-O Rc8 13. Rad1 a6 14. Bf5 Ne4 15.
Bxe7 Qxe7 16. dxc5 Rxc5 17. Rd3 Ndf6 18. Rfd1 a5 19. Qb3 Nd6 20. Nd4 Ba6 21.
R3d2 Nc4 22. Rc2 Re8 23. Bd3 Ng4 24. Nxd5 Rxd5 25. Bxc4 Bxc4 26. Qxc4 Rc5 27.
Qe2 Qh4 28. Nf3 Rxc2 29. Qxc2 Qf6 30. Rd4 Ne5 31. Nxe5 Qxe5 32. h3 g6 33. Qb3
Qc5 34. Rd7 Re7 35. Rxe7 Qxe7 36. Qd5 Kg7 37. Qd4+ Kh7 38. Qxb6 Qd7 39. Qxa5
Qd1+ 40. Kh2 Qd6+ 41. g3 Qf6 42. Qd2 Qf3 43. b4 h5 44. h4 g5 45. hxg5 h4 46.
gxh4 Qg4 47. Qd4 Qf3 48. Qf4 Qd5 49. Qc4 Qxc4 50. b5 Qxb5 0-1

[Event "Titled Tue 10th Jun Early"]
[Site "chess.com INT"]
[Date "2025.06.10"]
[Round "2"]
[White "Moro Saidon, Gonzalo"]
[Black "Negrean, Andrei"]
[Result "0-1"]
[BlackTitle "FM"]
[WhiteElo "2114"]
[BlackElo "2352"]
[WhiteFideId "140082"]
[BlackFideId "1291513"]
[EventDate "2025.06.10"]

1. Nf3 e6 2. g3 b5 3. Bg2 Bb7 4. O-O Nf6 5. d4 Be7 6. Na3 b4 7. Nc4 O-O 8. c3 a5
9. Bf4 d6 10. Bg5 Nbd7 11. Qc2 h6 12. Bd2 Be4 13. Qc1 d5 14. Nce5 c5 15. Nc6 Qe8
16. Nxe7+ Qxe7 17. dxc5 bxc3 18. Bxc3 Nxc5 19. Bxf6 gxf6 20. Qxh6 Rfc8 21. Rac1
a4 22. Nd4 Bxg2 23. Kxg2 Rab8 24. Qd2 Qb7 25. Qh6 Nd7 26. Rxc8+ Rxc8 27. b3 axb3
28. axb3 Qb4 29. Rd1 e5 30. Qh3 Rc7 31. Qg4+ Kh8 32. Qh5+ Kg8 33. Nf5 Qe4+ 34.
Kg1 Nf8 35. Nh6+ Kg7 36. Nf5+ Kg8 37. f3 Qc2 38. Nh6+ Kg7 39. Nf5+ Kg8 40. Qg4+
Ng6 41. Nh6+ Kg7 42. Nf5+ Kf8 43. Ra1 Qc5+ 44. Kg2 Ra7 0-1

[Event "Titled Tue 10th Jun Early"]
[Site "chess.com INT"]
[Date "2025.06.10"]
[Round "2"]
[White "Pragnya H G"]
[Black "Mitev, Valentin"]
[Result "0-1"]
[WhiteTitle "WFM"]
[BlackTitle "FM"]
[WhiteElo "2003"]
[BlackElo "2323"]
[WhiteFideId "25609785"]
[BlackFideId "2921707"]
[EventDate "2025.06.10"]

1. Nf3 d5 2. g3 c6 3. Bg2 Nf6 4. O-O Nbd7 5. d4 e6 6. Nbd2 Bd6 7. c4 O-O 8. Qc2
Qe7 9. e4 dxe4 10. Nxe4 Nxe4 11. Qxe4 Nf6 12. Qe2 c5 13. Bg5 h6 14. Be3 Rb8 15.
a3 b6 16. b4 cxb4 17. axb4 Bxb4 18. Ne5 Bb7 19. Rxa7 Bxg2 20. Rxe7 Bxf1 21. Kxf1
Bxe7 22. Nc6 Rb7 23. Qa2 Rc7 24. Nxe7+ Rxe7 25. d5 exd5 26. Bxb6 Nd7 27. c5 Nxb6
28. cxb6 Rb7 29. Qa5 Rfb8 30. Qxd5 Rxb6 31. Kg2 Rb2 32. Qe5 R8b7 33. Qe8+ Kh7
34. Qe4+ g6 35. Qd5 Rc7 36. h4 h5 37. g4 hxg4 38. h5 Rb6 39. hxg6+ Rxg6 40. Qh5+
Kg8 41. Qe5 Rcc6 42. Qe8+ Kg7 43. Qe5+ Rcf6 44. Qa1 Rg5 45. Qd4 Rf5 46. Kg3 Rxf2
47. Kh4 Rf4 48. Qe5 Kh7 49. Kg5 R4f5+ 0-1

[Event "Titled Tue 10th Jun Early"]
[Site "chess.com INT"]
[Date "2025.06.10"]
[Round "2"]
[White "Shubenkova, Veronika"]
[Black "Cherukuri, Nitesh"]
[Result "0-1"]
[WhiteTitle "WFM"]
[BlackTitle "CM"]
[WhiteElo "2031"]
[BlackElo "2171"]
[WhiteFideId "44124040"]
[BlackFideId "30978688"]
[EventDate "2025.06.10"]

1. d4 d5 2. e3 Nf6 3. f4 c5 4. Nf3 Nc6 5. c3 cxd4 6. exd4 g6 7. Bd3 Bg7 8. O-O
O-O 9. Ne5 Ne4 10. Nd2 Nxd2 11. Bxd2 Qb6 12. Nxc6 bxc6 13. Rb1 Ba6 14. Qe2 Bxd3
15. Qxd3 e5 16. fxe5 Bxe5 17. Bh6 Bg7 18. Bf4 Rfe8 19. Bd6 Re4 20. Rf2 Rae8 21.
Rbf1 f5 22. Bc5 Qb7 23. h3 a5 24. a3 Qb3 25. Qa6 Qb5 26. Qa7 Bh6 27. Kh2 Be3 28.
Rf3 Bg5 29. Bd6 Bf6 30. R3f2 R4e6 31. Bf4 Re2 32. Qd7 R2e7 33. Qd6 Bg7 34. Bg5
Re6 35. Qd7 h6 36. Bh4 g5 37. Rxf5 R6e7 38. Qd6 gxh4 39. Qg6 Qb8+ 40. R1f4 Re6
41. Qg4 Qc7 42. Qxh4 Re4 43. Qg3 Rxf4 44. Rxf4 Qe7 45. h4 Qe3 46. Qg4 Qe2 47.
Rf3 Qe4 0-1